书目信息 |
| 题名: |
怎样学习英语词汇
|
|
| 作者: | 马秉义 编著 | |
| 分册: | ||
| 出版信息: | 北京 测绘出版社 1988.7 |
|
| 页数: | 258页 | |
| 开本: | 19cm | |
| 丛书名: | ||
| 单 册: | ||
| 中图分类: | H313 , H31 | |
| 科图分类: | ||
| 主题词: | 英语 | |
| 电子资源: | ||
| ISBN: | 7-5030-0016-3 | |
| 000 | 00704nam0 2200253 45 | |
| 001 | 0189012995 | |
| 005 | 20040511103748.6 | |
| 010 | @a7-5030-0016-3@dCNY1.80 | |
| 020 | @aCN@b89012995 | |
| 100 | @a19910105d1988 m y0chiy0120 ea | |
| 101 | 2 | @achi@aeng |
| 102 | @aCN@b110000 | |
| 105 | @ay z 000yy | |
| 106 | @ar | |
| 200 | 10 | @a怎样学习英语词汇@Azen yang xue xi ying yu ci hui@f马秉义编著@Fma bing yi bian zhu |
| 210 | @a北京@c测绘出版社@d1988.7 | |
| 215 | @a258页@d19cm | |
| 540 | 1 | @a英语 词汇@Aying yu ci hui |
| 606 | 0 | @a英语 |
| 690 | @aH313@v1980 | |
| 690 | @aH31 | |
| 701 | 0 | @a马秉义@Ama bing yi@4编著 |
| 801 | 0 | @aCN@bNLC@c19910105 |
| 905 | @f2@b213845-846@f1@b213848@dH31@e267 | |
| 怎样学习英语词汇/马秉义编著.-北京:测绘出版社,1988.7 |
| 258页;19cm |
| ISBN 7-5030-0016-3:CNY1.80 |
| ● |
| 相关链接 |
|
|
|
|
正题名:怎样学习英语词汇
索取号:H31/267
 
预约/预借
| 序号 | 登录号 | 条形码 | 馆藏地/架位号 | 状态 | 备注 |
| 1 | 0213845 | 000937794 | 第四借阅区/ [索取号:H31/267] | 在馆 | |
| 2 | 0213846 | 000937801 | 第四借阅区/ [索取号:H31/267] | 在馆 | |
| 3 | 0213848 | 000937856 | 第四借阅区/ [索取号:H31/267] | 在馆 | |
| 4 | 0213849 | 000937829 | 第二样本阅览室/ [索取号:H31/267] | 在馆 |